Players Who Played for Both Clubs #2 - Statistics

General Stats
  • This quiz has been taken 136 times
  • The average score is 4 of 9
Answer Stats
Answer % Correct
Jimmy Greaves / Lucas Paquetá / Paolo Di Canio / Marco Borriello / Paulo Futre / Antonio Nocerino / Florin Răducioiu / Pablo Armero
65%
Lucas Paquetá / John Carew / Emerson Palmieri / Frédéric Kanouté / Marc-Vivien Foé / Maxwel Cornet / Alou Diarra / five others
61%
Ronaldinho / Thiago Silva
61%
Hatem Ben Arfa / Bruno Guimarães / Islam Slimani / Loïc Rémy / Jean-Alain Boumsong / Mapou Yanga-Mbiwa / three others
50%
Fabinho / Nenê / Jorge / Caio Henrique / Matheus Carvalho
35%
Patrick Kluivert / Jon Dahl Tomasson / Fabricio Coloccini / Oguchi Onyewu / Andreas Andersson / Jack Diment / Sandro Tonali
33%
Allan Saint-Maximin / Islam Slimani / Emmanuel Rivière / Franck Dumas / Amdy Faye / Nacho González / Antonio Barreca
21%
Patrice Evra / Nenê / Florin Răducioiu / Frédéric Piquionne / Édouard Cissé / Sébastien Carole / Thilo Kehrer
16%
Fred / Fabián Monzón
10%
No matching quizzes found
Score Distribution
Percent of People with Each Score
Percentile by Number Answered
Your Score History
You have not taken this quiz